000 00581nam a2200193 i 4500
001 24015
003 ES-MaACL
007 t|
008 021213s1946 sp ||||1| spa d
100 1 _aAmmers-Kueller, Jo van.
_921267
245 1 0 _aVanidad /
_cJo van Ammers-Kueller ; [traducción de Casa de Vall].
260 _aBarcelona :
_bHispano-Americana de Ediciones,
_c[1946]
300 _a212 p. ;
_c18 cm.
490 1 _aColección Cumbre
710 2 _aCasa de Vall.
_92476
830 0 _aColección Cumbre
_9181369
852 _aES-MaACL
_jB-7383
_bR.28559
999 _c24015
_d24015